000 00821nas a2200253Ia 4500
001 R003/39793
003 IT-RoPAU
008 151124c99999999xx |||||||||||| ||und||
040 _aIT-RoPAU
040 _cIT-RoPAU
041 _aFRANCESE
100 _aEjchenbaum Boris
_gCodice Aut. SPICS: 6982
210 _aCAHIERS DU CINEMA
222 _aCahiers Du Cinema
245 _aCAHIERS DU CINEMA, ANNO 20-N.220/221-MAGGIO/GIUGNO 1970
_bProblemes De la Cine'-Stylistique
250 _a1a ed.
260 _aPARIS
_bL'ETOILE
_c1970
501 _bPaulus - SPICS - Società San Paolo EM (non-commercial uses only)
_cCopyright2015
300 _a9 p. [70-78]
362 _aANNO 020, N.220/221-MAGGIO/GIUGNO 1970
500 _aProblemi-Della-Cine-Linguistica
650 _aCINEMA
_vPUBBLICAZIONE PERIODICA
942 _cCR
999 _c143460
_d143460